| 000 | 00746 a2200181 4500 | ||
|---|---|---|---|
| 003 | Nust | ||
| 005 | 20230114150507.0 | ||
| 020 | _a7642183 | ||
| 040 | _cNust | ||
| 082 | _a355.3432,KUL | ||
| 100 |
_aKullback, Solomon _9106826 |
||
| 245 |
_aStatistical methods in cryptanalysis / _cSolomon Kullback, Phd |
||
| 260 |
_aUSA _bAegean press |
||
| 300 | _a205:p | ||
| 505 | _aIntroduction (Page-1), GeneraalConsiderations Of Probability, (Page-2-3), Statistics (Page-4-6), Applications (Page-24-47), Matching alphabets (Page-48-80), frequency dat (Page-93-132), Statistical tables (Page-133-144), Appendixes (Page-148-157), Charts (Page-158-190), Statisyical Problems (Page-191-201). | ||
| 650 | _aCryptography | ||
| 942 |
_cBK _2ddc _k355.3432,KUL |
||
| 999 |
_c188749 _d188749 |
||